[Event "Sao Paulo op-B U2050 6th"]
[Site "Sao Paulo"]
[Date "2017.04.14"]
[Round "2"]
[White "Damaceno, Mateus Lima"]
[Black "Ferreira, Brandet Rodrigo"]
[Result "1-0"]
[WhiteElo "1929"]
[BlackElo "1808"]
[PlyCount "95"]
[EventDate "2017.04.14"]
[EventType "swiss"]
[EventRounds "6"]
[EventCountry "BRA"]
[SourceTitle "EXT 2019"]
[Source "ChessBase"]
[SourceDate "2018.10.10"]
[SourceVersion "1"]
[SourceVersionDate "2018.10.10"]
[SourceQuality "1"]

1. d4 d5 2. Nf3 c5 3. e3 Nc6 4. b3 e6 5. Bd3 Bd6 6. Bb2 Nge7 7. 0-0 cxd4 8. exd4 h6 9. Ne5 0-0 10. f4 Qc7 11. c3 f6 12. Nxc6 bxc6 13. g3 Bb7 14. Nd2 e5 15. fxe5 fxe5 16. dxe5 Bxe5 17. Qg4 Qb6+ 18. Kg2 Qe3 19. Qe2 Qxe2+ 20. Bxe2 Nf5 21. Kg1 Rae8 22. Bd3 Nd6 23. Rae1 c5 24. Rxf8+ Kxf8 25. Nf3 Bf6 26. Ba3 Rxe1+ 27. Nxe1 Ne4 28. Bxe4 dxe4 29. Bxc5+ Kf7 30. Bd4 Bg5 31. Kf2 Bc8 32. Bxa7 Bd2 33. c4 Bxe1+ 34. Kxe1 Ke6 35. Ke2 Kd6 36. Ke3 Bf5 37. a4 Kc6 38. Kd4 e3 39. Kc3 e2 40. Bf2 g6 41. b4 h5 42. b5+ Kb7 43. Kb4 g5 44. a5 h4 45. a6+ Ka8 46. b6 Bd3 47. gxh4 gxh4 48. b7+ 1-0

[Event "Sao Paulo Salles Cup 11th"]
[Site "Sao Paulo"]
[Date "2017.03.25"]
[Round "3"]
[White "Seccafim, Caic Dos Santos"]
[Black "Damaceno, Mateus Lima"]
[Result "0-1"]
[WhiteElo "1528"]
[BlackElo "1943"]
[PlyCount "132"]
[EventDate "2017.03.24"]
[EventType "swiss (blitz)"]
[EventRounds "6"]
[EventCountry "BRA"]
[SourceTitle "CBM 177 Extra"]
[Source "ChessBase"]
[SourceDate "2017.04.27"]
[SourceVersion "1"]
[SourceVersionDate "2017.04.27"]
[SourceQuality "1"]

1. e4 c6 2. d4 d5 3. e5 Bf5 4. Bd3 Bxd3 5. Qxd3 e6 6. Nf3 c5 7. c3 Nd7 8. 0-0 Qb6 9. b3 Ne7 10. Be3 Nc6 11. Nbd2 Rc8 12. Rac1 Be7 13. a3 cxd4 14. Bxd4 Nxd4 15. cxd4 0-0 16. b4 a5 17. b5 a4 18. Nb1 Qa5 19. h3 Nb6 20. Nfd2 Nc4 21. Nxc4 Qxb5 22. Nbd2 dxc4 23. Nxc4 Bxa3 24. Rc3 Be7 25. Rb1 Qc6 26. Rbc1 Qa6 27. Nb2 Qxd3 28. Nxd3 Rxc3 29. Rxc3 a3 30. Nc5 Ra8 31. Rc1 a2 32. Ra1 Bg5 33. Ne4 Bc1 34. Nc3 Bb2 35. Rxa2 Rxa2 36. Nxa2 Bxd4 37. Kf1 Bxe5 38. Ke2 Kf8 39. Kd3 Ke7 40. Kc4 Kf6 41. Nb4 Kf5 42. Nd3 Bb8 43. Nc5 Ba7 44. Nxb7 Bxf2 45. Nd6+ Kg6 46. Kd3 f5 47. Ke2 Bg3 48. Nc4 Bc7 49. Kf3 e5 50. Ne3 e4+ 51. Ke2 f4 52. Nd5 Bd6 53. Nc3 Kf5 54. Nb5 Be5 55. Na3 g5 56. Nc4 h5 57. Nd2 g4 58. h4 Bf6 59. Nc4 Bxh4 60. Nd6+ Ke5 61. Nf7+ Kd4 62. Nh6 f3+ 63. gxf3 gxf3+ 64. Kf1 Kd3 65. Nf5 Bf6 66. Kf2 Kd2 0-1

[Event "Sao Paulo Salles Cup 11th"]
[Site "Sao Paulo"]
[Date "2017.03.24"]
[Round "2"]
[White "Damaceno, Mateus Lima"]
[Black "Ferreira, Caio Tulio Moreira"]
[Result "0-1"]
[WhiteElo "1943"]
[BlackElo "1466"]
[PlyCount "52"]
[EventDate "2017.03.24"]
[EventType "swiss (blitz)"]
[EventRounds "6"]
[EventCountry "BRA"]
[SourceTitle "CBM 177 Extra"]
[Source "ChessBase"]
[SourceDate "2017.04.27"]
[SourceVersion "1"]
[SourceVersionDate "2017.04.27"]
[SourceQuality "1"]

1. c4 c5 2. Nf3 Nf6 3. Nc3 d5 4. cxd5 Nxd5 5. g3 Nc6 6. Bg2 Nc7 7. 0-0 e5 8. d3 Be7 9. Bd2 Be6 10. Rc1 Rc8 11. Ne4 b6 12. b4 Nxb4 13. Bxb4 cxb4 14. Nxe5 0-0 15. Nc6 Qd7 16. Qa4 a5 17. Nxe7+ Qxe7 18. Rc6 Bd7 19. Nd6 Qxd6 20. Rxd6 Bxa4 21. Rxb6 Rb8 22. Rxb8 Rxb8 23. d4 b3 24. axb3 Bxb3 25. Ra1 a4 26. d5 Ne8 0-1

[Event "Sao Paulo Salles Cup 11th"]
[Site "Sao Paulo"]
[Date "2017.03.24"]
[Round "1"]
[White "Dutra, Liliam Guedes"]
[Black "Damaceno, Mateus Lima"]
[Result "0-1"]
[WhiteElo "1536"]
[BlackElo "1943"]
[PlyCount "52"]
[EventDate "2017.03.24"]
[EventType "swiss (blitz)"]
[EventRounds "6"]
[EventCountry "BRA"]
[SourceTitle "CBM 177 Extra"]
[Source "ChessBase"]
[SourceDate "2017.04.27"]
[SourceVersion "1"]
[SourceVersionDate "2017.04.27"]
[SourceQuality "1"]

1. d4 Nf6 2. c4 g6 3. Nc3 d5 4. cxd5 Nxd5 5. e4 Nxc3 6. bxc3 Bg7 7. Bc4 c5 8. Ne2 0-0 9. 0-0 Nc6 10. Be3 Qc7 11. Qc2 Na5 12. Bd3 c4 13. Bxc4 Nxc4 14. Bf4 e5 15. Bg3 Qe7 16. d5 Bg4 17. Nc1 Rac8 18. a4 f5 19. h3 f4 20. Bh2 Bd7 21. Re1 f3 22. Qd3 Qg5 23. Bg3 Qh5 24. Kh2 fxg2 25. Kxg2 Qxh3+ 26. Kg1 Bg4 0-1

[Event "Sao Paulo Interclubs Paulista"]
[Site "Sao Paulo"]
[Date "2017.03.04"]
[Round "2.4"]
[White "Nobre, Jose Adalberto Barb"]
[Black "Damaceno, Mateus Lima"]
[Result "0-1"]
[WhiteElo "1950"]
[BlackElo "2000"]
[PlyCount "90"]
[EventDate "2017.03.04"]
[EventType "team-tourn"]
[EventRounds "7"]
[EventCountry "BRA"]
[SourceTitle "CBM 177 Extra"]
[Source "ChessBase"]
[SourceDate "2017.04.27"]
[SourceVersion "1"]
[SourceVersionDate "2017.04.27"]
[SourceQuality "1"]
[WhiteTeam "Sao Jose CC"]
[BlackTeam "Sao Jose ARJ"]
[WhiteTeamCountry "BRA"]
[BlackTeamCountry "BRA"]

1. e4 c6 2. d3 d5 3. Nd2 g6 4. Ngf3 Bg7 5. g3 e5 6. Bg2 Ne7 7. 0-0 0-0 8. Re1 Nd7 9. h3 b6 10. Nf1 Bb7 11. Ne3 f5 12. Ng5 Rf6 13. exd5 Nxd5 14. Nc4 h6 15. Nf3 Re6 16. Ncxe5 Nxe5 17. Nxe5 Rxe5 18. Rxe5 Bxe5 19. Bxh6 Bxb2 20. Bxd5+ Qxd5 21. c4 Qe5 22. Rb1 c5 23. Bf4 Qf6 24. h4 Bd4 25. Qa4 Qc6 26. Qxc6 Bxc6 27. Re1 Re8 28. Rxe8+ Bxe8 29. Kf1 Kf7 30. Ke2 Ke6 31. Be3 Bxe3 32. Kxe3 Ke5 33. f4+ Ke6 34. Kd2 a6 35. Kc3 b5 36. a3 Kd6 37. Kb3 Kc6 38. a4 bxa4+ 39. Kxa4 Kb6+ 40. Kb3 Ka5 41. Kc3 Ka4 42. d4 cxd4+ 43. Kxd4 Kb4 44. c5 Bc6 45. g4 fxg4 0-1